000 00946nam a2200301Ia 4500
001 19966
003 IT-RoPAU
008 130308s9999 xx 000 0 und d
040 _aIT-RoPAU
040 _cIT-RoPAU
041 _aITALIANO
100 _aKerckhoff Richard
100 _gCodice Aut. SPICS: 4800
245 _aImpatto della televisione sullo sviluppo del bambino, sulla relazione di coppia e sulle dinamiche familiari in generale
245 _bMass Media e Famiglia-Atti del congresso internazionale (Milano, 25-29 Giugno 1981)
250 _a1a ed.
260 _aMILANO
260 _bCisf
260 _c1982 [1° Ed.:1982 - Ed.Ling.Originale:1981]
300 _a"4 p. (prefazione: no ; testo: 4 [pagine: 53-56])"
500 _aEffetti della Televisione in Famiglia
650 _aSAGGI DI COMUNICAZIONE SOCIALE
650 _eCodice materia Spics: 3807
942 _cBK
957 _71
999 _c45047
_d45047
999 _bSI
999 _g1